Building social business : (Record no. 213)

000 -LEADER
fixed length control field 01833cam a2200373 a 4500
001 - CONTROL NUMBER
control field 16081010
003 - CONTROL NUMBER IDENTIFIER
control field OSt
005 - DATE AND TIME OF LATEST TRANSACTION
control field 20210417113754.0
008 - FIXED-LENGTH DATA ELEMENTS--GENERAL INFORMATION
fixed length control field 100202s2010 nyu 001 0 eng
010 ## - LIBRARY OF CONGRESS CONTROL NUMBER
LC control number 2010002857
020 ## - INTERNATIONAL STANDARD BOOK NUMBER
International Standard Book Number 9781586488246 (hardcover)
040 ## - CATALOGING SOURCE
Original cataloging agency DLC
Transcribing agency DLC
050 #0 - LIBRARY OF CONGRESS CALL NUMBER
Classification number HD60
Item number .Y85 2010
080 ## - UNIVERSAL DECIMAL CLASSIFICATION NUMBER
Universal Decimal Classification number 65
Item number Y-94
082 00 - DEWEY DECIMAL CLASSIFICATION NUMBER
Classification number 658.4/07
Edition number 22
100 1# - MAIN ENTRY--PERSONAL NAME
Personal name Yunus, Muhammad,
Dates associated with a name 1940-
245 10 - TITLE STATEMENT
Title Building social business :
Remainder of title the new kind of capitalism that serves humanity's most pressing needs /
Statement of responsibility, etc. Muhammad Yunus with Karl Weber.
260 ## - PUBLICATION, DISTRIBUTION, ETC.
Place of publication, distribution, etc. New York :
Name of publisher, distributor, etc. Public Affairs,
Date of publication, distribution, etc. 2010.
300 ## - PHYSICAL DESCRIPTION
Extent xxv, 226 p. ;
Dimensions 25 cm.
365 ## - TRADE PRICE
Price amount 25.95 usd
500 ## - GENERAL NOTE
General note Includes index.
505 0# - FORMATTED CONTENTS NOTE
Formatted contents note Introduction: social business-from dream to reality -- Why social business? -- Growing pains : lessons in adaptation and change from the story of -- Grameen danone -- Launching a social business -- To cure one child : a social business approach to health care -- Legal and financial frameworks for social business -- "Social R&D" : Grameen veolia explores new ways to serve human needs -- Creating a social business infrastructure -- Glimpses of tomorrow : the future of social business -- Social business and the current crisis.
650 #0 - SUBJECT ADDED ENTRY--TOPICAL TERM
Topical term or geographic name entry element Social responsibility of business.
650 #0 - SUBJECT ADDED ENTRY--TOPICAL TERM
Topical term or geographic name entry element Social entrepreneurship.
650 #0 - SUBJECT ADDED ENTRY--TOPICAL TERM
Topical term or geographic name entry element Capitalism
General subdivision Moral and ethical aspects.
653 ## - INDEX TERM--UNCONTROLLED
Uncontrolled term ბიზნესი
653 ## - INDEX TERM--UNCONTROLLED
Uncontrolled term კაპიტალიზმი
653 ## - INDEX TERM--UNCONTROLLED
Uncontrolled term ანტერპრენიორობა
653 ## - INDEX TERM--UNCONTROLLED
Uncontrolled term სოციალური პასუხისმგებლობა
700 1# - ADDED ENTRY--PERSONAL NAME
Personal name Weber, Karl,
Dates associated with a name 1953-
906 ## - LOCAL DATA ELEMENT F, LDF (RLIN)
a 7
b cbc
c orignew
d 1
e ecip
f 20
g y-gencatlg
942 ## - ADDED ENTRY ELEMENTS (KOHA)
Source of classification or shelving scheme
Koha item type Books
Holdings
Withdrawn status Lost status Source of classification or shelving scheme Damaged status Not for loan Permanent location Current location Date acquired Inventory number Full call number Barcode Date last seen Price effective from Koha item type
          Ken Walker International University Ken Walker International University 11/12/2020 225 65 Y-94 225 11/12/2020 11/12/2020 Books

Powered by Koha